Karcinogénne kadmium na detských ihriskách? Môže mať vplyv aj na plodnosť. Spektrometrické stanovenie tohto prvku

Uložené v:
Podrobná bibliografia
Hlavný autor: Lelovská, Michaela (Autor)
Ďalší autori: Manová, Alena (Vedúci práce)
Médium: Rukopis Kniha
Jazyk:Slovak
Vydavateľské údaje: 2021
Predmet:
On-line prístup:http://is.stuba.sk/zp/portal_zp.pl?podrobnosti=149036
Tagy: Pridať tag
Žiadne tagy, Buďte prvý, kto otaguje tento záznam!

MARC

LEADER 00000ntm a22000003a 4500
001 stuzp85057
003 SK-STU
005 20210626212032.0
007 ta
008 150427s2015----xo-----f-mn---000-0-slo-d
040 |a STU  |b slo 
041 0 |a slo 
100 1 |a Lelovská, Michaela  |u 041000  |4 aut  |U FCHPT Fakulta chemickej a potravinárskej technológie  |T FCHPT Ústav analytickej chémie  |X 97505  |U C1000  |Y 99  |7 97505 
242 0 1 |a Carcinogenic cadmium on playgrounds? It can also affect fertility. Spectrometric determination of this element  |y eng 
245 1 0 |a Karcinogénne kadmium na detských ihriskách? Môže mať vplyv aj na plodnosť. Spektrometrické stanovenie tohto prvku 
260 |c 2021 
650 4 |a kadmium  |2 slo 
650 4 |a atómová absorpčná spektrometria  |2 slo 
650 4 |a stopová analýza  |2 slo 
650 4 |a pieskovisko  |2 slo 
650 4 |a detské ihrisko  |2 slo 
650 4 |a neplodnosť  |2 slo 
650 4 |a atomic absorption spectrometry  |2 eng 
650 4 |a trace analysis  |2 eng 
650 4 |a cadmium  |2 eng 
650 4 |a sandpit  |2 eng 
650 4 |a playground  |2 eng 
650 4 |a infertility  |2 eng 
700 1 |a Manová, Alena  |u 041000  |k Z1  |4 ths  |U FCHPT Fakulta chemickej a potravinárskej technológie  |T FCHPT Ústav analytickej chémie  |X 3366  |U C1000  |Y 99  |7 A000003366 
856 4 |u http://is.stuba.sk/zp/portal_zp.pl?podrobnosti=149036